书目信息 |
| 题名: |
长沙古本《伤寒杂病论》
|
|
| 作者: | 张仲景 述 ;刘世祯 , 刘瑞瀜 校订 | |
| 分册: | ||
| 出版信息: | 郑州 中原农民出版社 2016 |
|
| 页数: | 138页 | |
| 开本: | 29cm | |
| 丛书名: | ||
| 单 册: | ||
| 中图分类: | R222.1 , R222 | |
| 科图分类: | ||
| 主题词: | ||
| 电子资源: | ||
| ISBN: | 978-7-5542-1368-1 | |
| 000 | 01338nam0 2200277 450 | |
| 001 | 1655219976 | |
| 005 | 20160712092845.4 | |
| 010 | @a978-7-5542-1368-1@dCNY45.00 | |
| 100 | @a20160617d2016 em y0chiy50 ea | |
| 101 | 0 | @achi |
| 102 | @aCN@b410000 | |
| 105 | @ay z 000yy | |
| 106 | @ar | |
| 200 | 1 | @a长沙古本《伤寒杂病论》@Azhang sha gu ben 《 shang han za bing lun 》@f(汉) 张仲景述@g刘世祯, 刘瑞瀜校订 |
| 210 | @a郑州@c中原农民出版社@d2016 | |
| 215 | @a138页@d29cm | |
| 330 | @a长沙古本伤寒杂病论是白云阁藏本伤寒杂病论的姊妹篇,似出于同一传本,但内容却不完全相同,有相互补证的价值,具有文献考据意义。较宋本《伤寒论》优胜之处颇多,故近年参考引证长沙古本以校注《伤寒论》的尚有不少著作。长沙古本也分为十六卷,但缺杂病证治,无《金匮》条文,其《伤寒例》前,较桂林古本少《六气主客》一篇,六气之病仅有”暑、热、燥、湿”,缺”风、寒”二病,尚有有论无方者,如阳明篇有佚文一条,其文曰:”动作头痛,短气,有潮热者,属阳明也”但未出治方,而白云阁本则有”白蜜煎主之”一句,诸如此类的异同还有许多。长沙古本的文献价值可见一斑。 | |
| 333 | @a医务工作者 | |
| 605 | @a伤寒杂病论@Ashang han za bing lun | |
| 690 | @aR222.1@v5 | |
| 690 | @aR222@v4 | |
| 701 | 0 | @a张仲景@Azhang zhong jing@4述 |
| 702 | 0 | @a刘世祯@Aliu shi zhen@4校订 |
| 702 | 0 | @a刘瑞瀜@Aliu rui rong@4校订 |
| 801 | 0 | @aCN@b江苏新华@c20150511 |
| 905 | @aBZT@dR222@e3 | |
| 长沙古本《伤寒杂病论》/(汉) 张仲景述/刘世祯, 刘瑞瀜校订.-郑州:中原农民出版社,2016 |
| 138页;29cm |
| 使用对象:医务工作者 |
| ISBN 978-7-5542-1368-1:CNY45.00 |
| 长沙古本伤寒杂病论是白云阁藏本伤寒杂病论的姊妹篇,似出于同一传本,但内容却不完全相同,有相互补证的价值,具有文献考据意义。较宋本《伤寒论》优胜之处颇多,故近年参考引证长沙古本以校注《伤寒论》的尚有不少著作。长沙古本也分为十六卷,但缺杂病证治,无《金匮》条文,其《伤寒例》前,较桂林古本少《六气主客》一篇,六气之病仅有”暑、热、燥、湿”,缺”风、寒”二病,尚有有论无方者,如阳明篇有佚文一条,其文曰:”动作头痛,短气,有潮热者,属阳明也”但未出治方,而白云阁本则有”白蜜煎主之”一句,诸如此类的异同还有许多。长沙古本的文献价值可见一斑。 |
| ● |
| 相关链接 |
|
|
|
正题名:长沙古本《伤寒杂病论》
索取号:R222/3
 
预约/预借
| 序号 | 登录号 | 条形码 | 馆藏地/架位号 | 状态 | 备注 |
| 1 | 802556 | 2000802556 | 第二书库/ [索取号:R222/3] | 在馆 | |
| 2 | 802557 | 2000802557 | 第二书库/ [索取号:R222/3] | 在馆 | |
| 3 | 802558 | 2000802558 | 第二书库/ [索取号:R222/3] | 在馆 |